000 00480 a2200133 4500
001 ART_46062
005 20260410161731.0
008 260409a
245 1 0 _aAnalizando la influencia de la educación universitaria en el perfil emprendedor de los estudiantes
100 1 _aOliveras, Guadalupe
700 1 _aVigier, Hernán
700 1 _aPorras, José Alberto
773 0 _tEscritos contables y de administración
_g- Vol. 5, Nº 2 (jul./dic. 2014)
_wREV2758
999 _c17847
_d17847